Представление документа в формате MARC21

ПолеНазваниеЗначение
  Тип записи a
  Библиографический уровень m
001 Контрольный номер RU\infra-m\znanium\bibl\2215365
005 Дата корректировки 20260429142337.2
008 Кодируемые данные 251117s2025 RU g rus u
020 Индекс ISBN __
a ISBN 978-5-16-006006-4
020 Индекс ISBN __
a ISBN 978-5-16-100122-6 (электр. издание)
040 Источник каталогиз. __
a Служба первич. каталог. Общество с ограниченной ответственностью «ЗНАНИУМ»
041 Код языка издания __
a Код языка текста rus
044 Код страны публикации __
a Код страны публикации RU
080 Индекс УДК __
a Индекс УДК 629.1-47(075.32)
084 Индекс другой классификации/Индекс ББК __
2 Источник индекса rubbk
a Индекс другой классификации/Индекс ББК 38.76я723
084 Индекс другой классификации/Индекс ББК __
2 Источник индекса okso
a Индекс другой классификации/Индекс ББК 08.01.15
084 Индекс другой классификации/Индекс ББК __
2 Источник индекса okso
a Индекс другой классификации/Индекс ББК 08.01.27
084 Индекс другой классификации/Индекс ББК __
2 Источник индекса okso
a Индекс другой классификации/Индекс ББК 08.02.08
084 Индекс другой классификации/Индекс ББК __
2 Источник индекса okso
a Индекс другой классификации/Индекс ББК 08.02.13
084 Индекс другой классификации/Индекс ББК __
2 Источник индекса okso
a Индекс другой классификации/Индекс ББК 15.01.30
084 Индекс другой классификации/Индекс ББК __
2 Источник индекса okso
a Индекс другой классификации/Индекс ББК 15.02.10
084 Индекс другой классификации/Индекс ББК __
2 Источник индекса okso
a Индекс другой классификации/Индекс ББК 18.01.27
084 Индекс другой классификации/Индекс ББК __
2 Источник индекса okso
a Индекс другой классификации/Индекс ББК 19.01.01
084 Индекс другой классификации/Индекс ББК __
2 Источник индекса okso
a Индекс другой классификации/Индекс ББК 21.01.17
084 Индекс другой классификации/Индекс ББК __
2 Источник индекса okso
a Индекс другой классификации/Индекс ББК 23.02.06
100 Автор __
a Автор Орлов К.С.
q Полное имя Орлов Коммунар Сергеевич
245 Заглавие __
a Заглавие Изготовление санитарно-технических, вентиляционных систем и технологических трубопроводов
b Продолж. заглавия Учебник
250 Сведения об издании __
a Основные сведения об издании 1
260 Выходные данные __
a Место издания Москва
b Издательство ООО "Научно-издательский центр ИНФРА-М"
c Дата издания 2026
300 Физическое описание __
a Объем 270 с.
440 Серия __
a Серия Среднее профессиональное образование
520 Аннотация __
a Аннотация В учебнике изложены основы строительного и слесарного дела. Даны описания устройств санитарно-технических вентиляционных систем и оборудования. Рассмотрены приемы составления замерных эскизов и механические процессы изготовления изделий сварные работы по изготовлению санитарно-технических вентиляционных систем и технологических трубопроводов. Приведены сведения о материалах инструментах оборудовании применяемых при изготовлении узлов и деталей санитарно-технических систем вентиляции кондиционирования воздуха аспирации и пневмотранспорта. Освещены вопросы безопасного ведения заготовительных работ приемы охраны труда и электропожаробезопасности. Для подготовки квалифицированных рабочих в учреждениях начального профессионального образования по профессии «Слесарь по изготовлению деталей и узлов санитарно-технических систем в строительстве» в состав которой включены три профессии: слесарь по изготовлению узлов и деталей санитарно-технических систем; слесарь по изготовлению узлов и деталей систем вентиляции кондиционирования воздуха пневмотранспорта и аспирации; слесарь по изготовлению деталей и узлов технологических трубопроводов. Может быть использован при профессиональном обучении рабочих на производстве.
521 Примеч. о цел. назн. __
a Примеч. о целев. назн. Среднее профессиональное образование
650 Тематические рубрики __
a Основная рубрика Строительство
x Основная подрубрика Строительные материалы и изделия. Производство стройматериалов
655 Указ. предметных рубрик (устаревшее) __
a Жанр/ форма (устаревшее) Учебник
856 Электронный адрес документа 4_
a Имя сервера/домена znanium.ru
m Помощь ebs_support@infra-m.ru
n Местонахождение сервера НИЦ ИНФРА-М
u URL https://znanium.ru/catalog/document?id=467271
856 Электронный адрес документа 48
a Имя сервера/домена znanium.ru
d Путь /cover/2215
f Электронное имя 2215365.jpg
q Тип электронного формата image/jpeg
u URL https://znanium.ru/cover/2215/2215365.jpg
911 __
u 0030=https://znanium.ru/catalog/document?id=467271